00262nam a2200109Ia 4500100003200000654001300032245004200045260003200087082001300119300000800132546001200140 aDeyhimi D.D./ Mosley/David  aComputer aAdvanced Power builder 5 Techniques bJohn WileyaNew yorkc1997 a5.2bDEV a875 aENGLISH